Logo BPK

Biblioteka

Politechniki Koszalińskiej

Potrzeby osób niepełnosprawnych w zakresie aktywizacji zawodowej : (Rekord nr 55504)

Szczegóły MARC
000 -ETYKIETA REKORDU
podpole kontrolne o stałej długości 01050nam a2200229 i 4500
001 - NUMER KONTROLNY REKORDU
pole kontrolne bg
020 ## - MIĘDZYNARODOWY ZNORMALIZOWANY NUMER KSIĄŻKI - ISBN
ISBN 9788361290001
040 ## - ŹRÓDŁO KATALOGOWANIA
Instytucja, która utworzyła rekord BPK
041 ## - KOD JĘZYKA
Kod języka tekstu pol
044 ## - KOD KRAJU WYDAWCY/PRODUCENTA
Kod kraju wydawcy/producenta POL
080 ## - UNIWERSALNA KLASYFIKACJA DZIESIĘTNA - UKD
UKD 331-056.26/.36(438)"1989/..."(06)
920 ## - Międzynarodowy znormalizowany numer książki – ISBN
ISBN 978-83-61290-00-1
008 - POLE O STAŁEJ DŁUGOŚCI - DANE KONTROLNE
podpole kontrolne o stałej długości 080125s2007 pl a |100 0 pol
245 00 - TYTUŁ/ODPOWIEDZIALNOŚĆ
Tytuł Potrzeby osób niepełnosprawnych w zakresie aktywizacji zawodowej :
Ciąg dalszy tytułu materiały konferencyjne, 30 maja 2007, Warszawa.
260 ## - STREFA ADRESU WYDAWNICZEGO
Miejsce wydania Warszawa :
Nazwa wydawcy/dystrybutora Krajowa Izba Gospodarczo-Rehabilitacyjna. Dział Informacji Gospodarczej i Wydawnictw,
Data publikacji, dystrybucji/powstania dokumentu 2007.
300 ## - STREFA OPISU FIZYCZNEGO
Objętość 127, [1] s. :
Inne cechy fizyczne il. ;
Rozmiary 24 cm.
500 ## - UWAGI OGÓLNE
Tekst uwagi Konferencja została zorganizowana w ramach Projektu Partnerskiego pt. "Kluczowa rola gminy w aktywizacji zawodowej osób niepełnosprawnych". Na s. 2 okł.: Zeszyt 48.
536 ## - UWAGA DOTYCZĄCA ŹRÓDEŁ FINANSOWANIA DZIEŁA
Tekst uwagi Projekt finansowany z Europejskiego Funduszu Społecznego w ramach Programu Inicjatywy Wspólnotowej EQUAL dla Polski 2004-2006.
650 #9 - HASŁO PRZEDMIOTOWE W FORMIE NAZWY OGÓLNEJ LUB JEDNOSTKOWEJ
Nazwa ogólna lub geograficzna Niepełnosprawni
Określnik ogólny praca
Określnik geograficzny Polska
Określnik chronologiczny od 1989 r.
655 ## - TERMIN INDEKSOWY - OKREŚLENIE RODZAJU/FORMY DOKUMENTU
Określenie rodzaju/formy dokumentu Materiały konferencyjne
856 ## - LOKALIZACJA I DOSTĘP DO ELEKTRONICZNYCH DOKUMENTÓW ZDALNYCH
Link (URL) http://koha.tu.koszalin.pl/cgi-bin/koha/opac-detail.pl?biblionumber=55504
Tekst linku Katalog online BPK
942 ## - DODATKOWE ELEMENTY (KOHA)
Typ dokumentu Książka
Egzemplarze
Wycofany Status egzemplarza Uszkodzony Dostępność Lokalizacja stała Lokalizacja bieżąca Miejsce przechowywania Sygnatura Kod kreskowy Dział Typ dokumentu Ostatnio wypożyczono
      Tylko na miejscu Biblioteka Politechniki Koszalińskiej Biblioteka Politechniki Koszalińskiej Czytelnia Wydziałowa ul. Kwiatkowskiego 6e 88751 02446295 331 Praca Książka  
      Dostępny Biblioteka Politechniki Koszalińskiej Biblioteka Politechniki Koszalińskiej Wypożyczalnia BG 88752 02446288   Książka 22.01.2016
© 2023 Biblioteka Politechniki Koszalińskiej :: KOHA